FC 24 Ultimate Dynasties - Statistics

General Stats
  • This quiz has been taken 10 times
    9 since last reset
  • The average score is 34 of 39
Answer Stats
rat pos club plaeyr % Correct
Ultimate Dynasties 85 LW Empoli Daniel Maldini
100%
Ultimate Dynasties 87 GK Al-Ahli Édouard Mendy
100%
Ultimate Dynasties 94 ST Manchester City Erling Haaland
100%
Ultimate Dynasties 87 LB Real Madrid Ferland Mendy
100%
Ultimate Dynasties 89 CAM Bayer Leverkusen Florian Wirtz
100%
Ultimate Dynasties 86 RM Athletic Bilbao Iñaki Williams
100%
Ultimate Dynasties 86 CM Werder Bremen Frauen Juliane Wirtz
100%
Ultimate Dynasties 88 RW Chelsea Women Lauren James
100%
Ultimate Dynasties 87 RM Bayern Munich Leroy Sané
100%
Ultimate Dynasties 88 CB Paris Saint-Germain Lucas Hernandez
100%
Ultimate Dynasties 87 GK SD Eibar Luca Zidane
100%
Ultimate Dynasties 86 RM Athletic Bilbao Nico Williams
100%
Ultimate Dynasties Icon 93 CB Italy Paolo Maldini
100%
Ultimate Dynasties 88 RB Chelsea Reece James
100%
Ultimate Dynasties 85 RW Eintracht Braunschweig Sidi Sané
100%
Ultimate Dynasties 88 LB AC Milan Theo Hernández
100%
Ultimate Dynasties Icon 95 CAM France Zinedine Zidane
100%
Ultimate Dynasties 85 CM Estudiantes de La Plata Deian Verón
86%
Ultimate Dynasties Icon 90 CAM Romania Gheorghe Hagi
86%
Ultimate Dynasties Icon 88 ST Sweden Henrik Larsson
86%
Ultimate Dynasties 85 CAM Alavés Ianis Hagi
86%
Ultimate Dynasties 85 RW FC København Jordan Larsson
86%
Ultimate Dynasties Icon 89 CM Argentina Juan Sebastian Verón
86%
Ultimate Dynasties 86 LM Bournemouth Justin Kluivert
86%
Ultimate Dynasties 87 CM OGC Nice Khéphren Thuram
86%
Ultimate Dynasties 90 CDM VfL Wolfsburg Women Lena Oberdorf
86%
Ultimate Dynasties 87 ST Inter Milan Marcus Thuram
86%
Ultimate Dynasties Icon 89 ST Netherlands Patrick Kluivert
86%
Ultimate Dynasties 85 CB Fortuna Düsseldorf Tim Oberdorf
86%
Ultimate Dynasties 85 ST FC København Emil Højlund
71%
Ultimate Dynasties 86 CB Arsenal Jurrien Timber
71%
Ultimate Dynasties 86 CB VfL Bochum Keven Schlotterbeck
71%
Ultimate Dynasties 87 CB Borussia Dortmund Nico Schlotterbeck
71%
Ultimate Dynasties 85 CDM FC København Oscar Højlund
71%
Ultimate Dynasties 85 CM Feyenoord Quinten Timber
71%
Ultimate Dynasties 87 ST Manchester United Rasmus Højlund
71%
Ultimate Dynasties Icon 91 LW Brazil Rivaldo
71%
Ultimate Dynasties 85 ST Farul Constanța Rivaldinho
57%
Ultimate Dynasties 85 ST Oud-Heverlee Leuven Jonatan Braut-Brunes
43%
No matching quizzes found
Score Distribution
Percent of People with Each Score
Percentile by Number Answered
Your Score History
You have not taken this quiz since the last reset